| 000 | 00452nam a22001457a 4500 | ||
|---|---|---|---|
| 005 | 20090619152232.0 | ||
| 008 | 090619t xxu||||| |||| 00| 0 eng d | ||
| 022 | _a0454-6952 | ||
| 245 | _aKurukshetra University research journal | ||
| 260 |
_aKurukshetra _bKurukshetra University _c2006- |
||
| 300 |
_av. _c24 cm |
||
| 310 | _aAnnual | ||
| 942 |
_2ddc _cSR _s1 |
||
| 999 |
_c27654 _d27654 |
||